| 000 | 01046cam a2200301 i 4500 | ||
|---|---|---|---|
| 999 |
_c200453314 _d71526 |
||
| 003 | TR-AnTOB | ||
| 005 | 20230614171526.0 | ||
| 007 | ta | ||
| 008 | 130702s2022 tu aoh 000 0 tur d | ||
| 020 | _a9786051378657 | ||
| 040 |
_aTR-AnTOB _beng _erda _cTR-AnTOB |
||
| 041 | 0 |
_atur _aara |
|
| 050 | 4 |
_aDR571 _b.A334 2022 |
|
| 090 |
_aDR571 _b.A334 2022 |
||
| 245 | 0 | 0 |
_aAhde vefa : _bSultan İkinci Abdülhamid Han / _cProje ekibi R. Kemal Subaşı, Tunahan Kanıcı. |
| 264 | 1 |
_aİstanbul : _bİstanbul Ticaret Odası, _c2022. |
|
| 300 |
_a187 + [35] pages : _billustrations, photographs, facsimiles ; _c32 cm |
||
| 336 |
_atext _btxt _2rdacontent |
||
| 337 |
_aunmediated _bn _2rdamedia |
||
| 338 |
_avolume _bnc _2rdacarrier |
||
| 504 | _aBIB | ||
| 600 | 0 |
_aAbdülhamid, _bII, _cTürk Sultanı, _d1842-1918 _945608 |
|
| 651 | 7 |
_aTürkiye _xTarih _y1878-1909 _2etuturkob _9117093 |
|
| 700 | 1 |
_aSubaşı, R. Kemal _eproject director _9142253 |
|
| 700 | 1 |
_aKanıcı, Tunahan _eproject director _9142254 |
|
| 942 |
_2lcc _cBK |
||